A handbook for emergencies : coming out alive /

A handbook of survival techniques to be used in emergencies.

Bibliographic Details
Main Author: Greenbank, Anthony
Other Authors: Malone, Jerry
Format: Book
Language:English
Published: Garden City, N.Y. : Doubleday, [1976]
Edition:1st ed.
Subjects:

MARC

Tag First Indicator Second Indicator Subfields
LEADER 00000pam a2200000 a 4500
001 in00000096079
005 20150923173937.0
008 751104s1976 nyua j 00110 engm
010 |a  74025104  
020 |a 0385098421 :  |c $5.95 
020 |a 0385098227 (pbk.) 
035 |a (OCoLC)01945141 
035 |9 AAK8470AM 
040 |a DLC  |c DLC  |d m.c.  |d TXA  |d UtOrBLW 
049 |a [Curr Col] TXAM  |c [1806194] 
050 0 0 |a HV553  |b  G73 1976 
082 0 |a 613.6/9 
100 1 |a Greenbank, Anthony. 
240 1 0 |a Survival for young people 
245 1 2 |a A handbook for emergencies :  |b coming out alive /  |c by Anthony Greenbank ; illustrated by Jerry Malone and Mel Klapholz. 
250 |a 1st ed. 
264 1 |a Garden City, N.Y. :  |b Doubleday,  |c [1976] 
264 4 |c ©1976 
300 |a 205 pages :  |b illustrations ;  |c 21 cm. 
336 |a text  |b txt  |2 rdacontent 
337 |a unmediated  |b n  |2 rdamedia 
338 |a volume  |b nc  |2 rdacarrier 
500 |a Published in 1975 under title: Survival for young people. 
500 |a Includes index. 
520 |a A handbook of survival techniques to be used in emergencies. 
650 0 |a Accidents  |x Juvenile literature. 
650 0 |a Shipwreck survival  |v Juvenile literature. 
650 1 |a Survival. 
650 1 |a Accidents. 
700 1 |a Malone, Jerry. 
999 |a MARS 
999 f f |s 5b083766-fbef-32a3-8a2d-d7d5922a112a  |i d2e56743-a57b-3a1d-8804-aa0c1d197f98  |t 0 
952 f f |p ric  |a Texas A&M University  |b Rellis Campus  |c Joint Library Facility  |d Remote Storage  |t 0  |e HV553 G73 1976  |h Library of Congress classification  |i unmediated -- volume  |m A14806034389 
998 f f |a HV553 G73 1976  |t 0  |l Remote Storage